El marxismo: unidad de teoría y práctica, ensayo crítico

Shranjeno v:
Bibliografske podrobnosti
Glavni avtor: Meyer, Alfred G. (autor)
Format: Knjiga
Jezik:španščina
Izdano: Buenos Aires Agora 1957
Serija:Hombres y Problemas, 5
Teme:
Oznake: Označite
Brez oznak, prvi označite!

MARC

LEADER 00000nam a2200000 a 4500
001 UCT6169
003 CL-VaPUC
008 970106e19570000AG |||||||||||||||||spa|d
082 0 4 |a 335.411  |b MEY  |2 21 
100 |a Meyer, Alfred G.  |e autor  |9 376038 
245 1 3 |a El marxismo: unidad de teoría y práctica, ensayo crítico 
300 |a 212 p 
600 0 |a Marx, Karl Heinrich,  |d 1818-1883  |9 861123 
942 |c BK 
945 |d 19970106 00:00:00  |a paguirre 
260 |a Buenos Aires  |b Agora  |c 1957 
650 7 |a MARXISMO  |2 CL-VaPUC  |9 376039 
650 0 |a Ideologías  |9 255200 
650 0 |a Doctrinas políticas  |9 255835 
650 0 |a Filosofía   |9 223554 
650 0 |a Materialismo  |9 265687 
583 |a last modification  |c 19970106 00:00:00  |k Rodrigo Vera 
490 0 |a Hombres y Problemas, 5 
999 |c 254887  |d 254885 
952 |0 0  |1 0  |4 0  |6 335_411000000000000_MEY_1957  |7 0  |8 A  |9 276848  |a BIBDER  |b BIBDER  |d 2019-11-19  |i 1800051  |o 335.411 MEY 1957  |p 1800051  |r 2023-01-25  |w 2019-11-19  |y BK  |k DER